Intelligent data mining : techniques and applications (Record no. 6812)

000 -LEADER
fixed length control field 00571 a2200181 4500
020 ## - INTERNATIONAL STANDARD BOOK NUMBER
International Standard Book Number 3540262563
040 ## - CATALOGING SOURCE
Original cataloging agency DLC
Language of cataloging DLC
082 ## - DEWEY DECIMAL CLASSIFICATION NUMBER
Classification number 006.3
245 00 - TITLE STATEMENT
Title Intelligent data mining : techniques and applications
Remainder of title techniques and applications
Statement of responsibility, etc. Da Ruan
260 ## - PUBLICATION, DISTRIBUTION, ETC.
Place of publication, distribution, etc. Berlin :
Name of publisher, distributor, etc. Springer,
Date of publication, distribution, etc. c2005.
300 ## - PHYSICAL DESCRIPTION
Extent ix, 517 p. :
Other physical details ill. ;
Dimensions 25 cm.
440 #0 - SERIES STATEMENT/ADDED ENTRY--TITLE
Title Studies in computational intelligence,
Volume/sequential designation v. 5.
500 ## - GENERAL NOTE
General note Internat. conference proceedings.
650 #0 - SUBJECT ADDED ENTRY--TOPICAL TERM
Topical term or geographic name entry element Data mining.
650 #0 - SUBJECT ADDED ENTRY--TOPICAL TERM
Topical term or geographic name entry element Computational intelligence.
700 1# - ADDED ENTRY--PERSONAL NAME
Personal name Ruan, Da.
942 ## - ADDED ENTRY ELEMENTS (KOHA)
Koha item type Book
Call number prefix 006.3 RUA
Source of classification or shelving scheme
Holdings
Withdrawn status Lost status Damaged status Not for loan Collection code Permanent Location Current Location Shelving location Date acquired Source of acquisition Cost, normal purchase price Total Checkouts Full call number Barcode Date last seen Date last checked out Price effective from Koha item type
          Central Library (CL) Central Library (CL) First Floor - Artificial Intelligence/Data Mining 03/24/2006 A&J DEF Tek Consultant 9852.29 1 006.3 RUA SEECS007161 03/01/2015 03/01/2015 01/05/2017 Book
© 2023 Central Library, National University of Sciences and Technology. All Rights Reserved.